| 000 | 00364 a2200133 4500 | ||
|---|---|---|---|
| 999 |
_c321396 _d321396 |
||
| 001 | 86323 | ||
| 003 | NUST | ||
| 005 | 20180122133046.0 | ||
| 008 | 180122b xxu||||| |||| 00| 0 eng d | ||
| 020 | _a9789693517026 | ||
| 082 | _a297.4 RAF | ||
| 100 |
_aProf Ahmed Rafique Akhtar _99476 |
||
| 245 |
_aJahan Sooraj Nahi Dhalta _cProf Ahmed Rafique Akhtar _hUrdu |
||
| 260 |
_aLahore _bSang-e-Meel Publishers Lahore _c2012 |
||
| 300 | _a224p. | ||
| 942 |
_aAHQ _cBK _k297.4 RAF _2ddc |
||